Wireless Communications & Networking (Record no. 5762)

MARC details
000 -LEADER
fixed length control field 00396nam a2200169Ia 4500
008 - FIXED-LENGTH DATA ELEMENTS--GENERAL INFORMATION
fixed length control field 221030s9999 xx 000 0 und d
020 ## - INTERNATIONAL STANDARD BOOK NUMBER
ISBN 8131708756
041 ## - LANGUAGE CODE
Language code of text/sound track or separate title
082 ## - DEWEY DECIMAL CLASSIFICATION NUMBER
Classification number 105.23
100 ## - MAIN ENTRY--AUTHOR NAME
Personal name J. W. Mark
245 #0 - TITLE STATEMENT
Title Wireless Communications & Networking
260 ## - PUBLICATION, DISTRIBUTION, ETC. (IMPRINT)
Name of publisher Pearson Edcuation
Place of publication New Delhi
Year of publication 2007
300 ## - PHYSICAL DESCRIPTION
Number of Pages 356
650 ## - SUBJECT ADDED ENTRY--TOPICAL TERM
Topical Term ECE
700 ## - ADDED ENTRY--PERSONAL NAME
Personal name W. Zhuang
942 ## - ADDED ENTRY ELEMENTS (KOHA)
Koha item type Books
Holdings
Accession Number Cost, normal purchase price Full call number Price effective from Koha item type Withdrawn / writtenoff status Materials specified (bound volume or other part) Damaged status Not for loan Permanent Location Current Location Shelving location Date acquired Lost/ Missing status department
BE 9648 250.00 105.23 10/30/2022 Books   Print   Not For Loan MIET Library, Jammu MIET Library, Jammu BL-Second, FL-1, CUP-154, SH-2, R-2 05/02/2008   BE
BE 9649 250.00 105.23 10/30/2022 Books   Print     MIET Library, Jammu MIET Library, Jammu BL-Academic Block- A, FL-1, CUP-14, SH-2, R-2 05/02/2008   BE
BE 9650 250.00 105.23 10/30/2022 Books   Print     MIET Library, Jammu MIET Library, Jammu BL-Academic Block- A, FL-1, CUP-14, SH-2, R-2 05/02/2008   BE